Politická kultúra na Slovensku

Bibliographic Details
Main Author: Klenko, Marián, 1978- (Author)
Format: Article
Language:Slovak
Subjects:

MARC

LEADER 00000nab a2200000 a 4500
001 vtls000743246
003 SK-MaSNL
005 20260304113432.0
008 250429c2000 xo 0 slo
015 |a SNBRB2001/01-00704 
035 |a CLN000095083 
035 |a urn:nbn:sk:snk-abeqwd 
035 |a (urnnbn)urn:nbn:sk:snk:ar-000jkc 
035 |a (uuid)ff743132-2199-4a54-baad-63421adbac14 
040 |a SNKBUCL  |b slo  |c SNKBUCL  |e AACR2 
041 0 |a slo 
044 |a xo  |c SK 
080 |a 32.001(437.6)  |2 1997 
080 |a 32:008(437.6)  |2 1997 
100 1 |a Klenko, Marián,  |d 1978-  |4 aut  |9 226331 
245 1 0 |a Politická kultúra na Slovensku  |c Marián Klenko 
650 0 7 |a politická kultúra  |z Slovensko  |2 snkbucl  |9 16810 
655 7 |a články z novín a časopisov  |2 snkbucl  |9 267496 
773 0 |t Slovenské pohľady  |g Roč. 4+116, č. 11 (2000), s. 5-12 
850 |a Slovenská národná knižnica 
852 |a Slovenská národná knižnica 
958 |a article27 
958 |a SK 
958 |a OND 
958 |a EUIPO 
992 |a RBX 
999 |c 2869366  |d 2871296